书目信息 |
| 题名: |
凌阳单片机原理及其毕业设计精选
|
|
| 作者: | 侯媛彬 编著 | |
| 分册: | ||
| 出版信息: | 北京 科学出版社 2006.1 |
|
| 页数: | 334页 | |
| 开本: | 24cm | |
| 丛书名: | ||
| 单 册: | ||
| 中图分类: | TP368.1 | |
| 科图分类: | ||
| 主题词: | 单片微型计算机--dan pian wei xing ji suan ji--高等学校--教学参考资料 | |
| 电子资源: | ||
| ISBN: | 7-03-016436-9 | |
| 000 | 01010nam0 2200277 450 | |
| 001 | CAL 012006066306 | |
| 005 | 20061030093527.62 | |
| 010 | @a7-03-016436-9@dCNY33.00(含光盘) | |
| 010 | @a7-900185-55-0@b光盘 | |
| 099 | @aCAL 012006066306 | |
| 100 | @a20060918d2006 em y0chiy0120 ea | |
| 101 | 0 | @achi |
| 102 | @aCN@b110000 | |
| 105 | @aak a 000yy | |
| 200 | 1 | @a凌阳单片机原理及其毕业设计精选@Aling yang dan pian ji yuan li ji qi bi ye she ji jing xuan@f侯媛彬 … [等]编著 |
| 210 | @a北京@c科学出版社@d2006.1 | |
| 215 | @a334页@c图@d24cm@e光盘1片 | |
| 304 | @a本书编著者为: 侯媛彬、袁益民、霍汉平等 | |
| 320 | @a有书目 | |
| 330 | @a本书共分7章, 详细阐述了SPCE061A的内核结构、存储器、片上外设资源、指令系统、集成开发环境、61板以及相关的毕业设计实用方法。 | |
| 606 | 0 | @a单片微型计算机@Adan pian wei xing ji suan ji@x高等学校@j教学参考资料 |
| 610 | 0 | @a凌阳@Aling yang |
| 690 | @aTP368.1@v4 | |
| 701 | 0 | @a侯媛彬@Ahou yuan bin@4编著 |
| 801 | 0 | @aCN@c20061030 |
| 905 | @a10447@dTP368.1@eH435 | |
| 凌阳单片机原理及其毕业设计精选/侯媛彬 … [等]编著.-北京:科学出版社,2006.1 |
| 334页:图;24cm+光盘1片 |
| ISBN 7-03-016436-9:CNY33.00(含光盘) |
| 本书共分7章, 详细阐述了SPCE061A的内核结构、存储器、片上外设资源、指令系统、集成开发环境、61板以及相关的毕业设计实用方法。 |
| ● |
| 相关链接 |
|
|
|
正题名:凌阳单片机原理及其毕业设计精选
索取号:TP368.1/H435
 
预约/预借
| 序号 | 登录号 | 条形码 | 馆藏地/架位号 | 状态 | 备注 |
| 1 | 635194 | 206351945 | 自科库301/301自科库 62排6列3层/ [索取号:TP368.1/H435] | 在馆 | |
| 2 | 635195 | 206351954 | 自科二线404/ [索取号:TP368.1/H435] | 在馆 | |
| 3 | 635196 | 206351963 | 自科库301/301自科库 62排6列3层/ [索取号:TP368.1/H435] | 在馆 |